| 000 | 00984nam a22002895a 4500 | ||
|---|---|---|---|
| 999 |
_c24958 _d24930 |
||
| 003 | OSt | ||
| 005 | 20190618110855.0 | ||
| 008 | 170622s2015 ua gr 000 0 ara d | ||
| 017 | _a2014 / 19590 | ||
| 020 | _a9789770933091 | ||
| 040 |
_aEG-ScBUE _bara _dEG-ScBUE |
||
| 082 | 0 | 4 |
_a363.325 _bإ ب ر _222 |
| 100 | 1 | _aإبراهيم، ناجح. | |
| 245 | 1 | 0 |
_aداعش : _bالسكين التي تذبح الإسلام / _cبقلم ناجح إبراهيم ، هشام النجار |
| 250 | _aط. 2. | ||
| 260 |
_aالقاهرة : _bدار الشروق، _c2015. |
||
| 300 |
_a150 ص.؛ _c24 سم. |
||
| 590 | _aسامح | ||
| 610 | 2 | 7 |
_aداعش (منظمة) _2BUEsh _98591 |
| 650 | 7 |
_aالإرهاب _xجوانب إجتماعية. _2BUEsh _921152 |
|
| 650 | 7 |
_aالحركات الإسلامية _yقرن 21. _2BUEsh |
|
| 650 | 7 |
_aالإسلام والإرهاب. _2BUEsh |
|
| 651 | _2BUEsh | ||
| 653 |
_bGGEN _bBUSBOL _cJune2017 |
||
| 700 | 1 | _4نجار، هشام. | |
| 942 | _2ddc | ||